False Friends: English vs. German - Statistics

General Stats
  • This quiz has been taken 55 times
  • The average score is 7 of 15
Answer Stats
English German Meaning in German % Correct
tag tag day
88%
kind kind child
86%
chef chef boss
76%
hose hose pants / trousers
63%
gift gift poison
63%
brief brief letter
61%
fabric fabrik factory
59%
bald bald soon
57%
brand brand fire
49%
rat rat advice / council
41%
map mappe folder
24%
rent rente pension
22%
fart fahrt journey
14%
smoking smoking tuxedo
12%
caution kaution deposit
6%
No matching quizzes found
Score Distribution
Percent of People with Each Score
Percentile by Number Answered
Your Score History
You have not taken this quiz